| 000 | 01883cam a2200373 a 4500 | ||
|---|---|---|---|
| 001 | 17302091 | ||
| 003 | EG-ScBUE | ||
| 005 | 20221107075959.0 | ||
| 008 | 120515t2013 njua f b 001 0 eng d | ||
| 020 | _a9780133045994 (pbk.) | ||
| 020 | _a0133045994 (pbk.) | ||
| 035 | _a(DNLM)101584223 | ||
| 040 |
_aDNLM/DLC _beng _erda _cDLC _dDLC _dEG-ScBUE |
||
| 082 | 0 | 4 |
_a615.19 _222 _bPHA |
| 245 | 0 | 0 |
_aPharmacology / _cMaryAnn Hogan, MSN, RN, clinical assistant professor, School of Nursing, University of Massachusetts-Amherst [and three others] |
| 250 | _aThird edition. | ||
| 264 | 1 |
_aNew Jersey : _bPearson Education, Inc., _c[2013] |
|
| 264 | 4 | _cc2013 | |
| 300 |
_axi, 580 pages : _billustrations ; _c26 cm. |
||
| 336 |
_2rdacontent _atext _btxt |
||
| 337 |
_2rdamedia _aunmediated _bn |
||
| 338 |
_2rdacarrier _avolume _bnc |
||
| 490 | 0 | _aPearson nursing reviews & rationales | |
| 504 | _aIncludes bibliographical references and index. | ||
| 505 | 0 | _aBasic principles and safety in pharmacology -- Anti-infective medications -- Antineoplastic medications -- Blood modifying agents -- Cardiac medications -- Endocrine system medications -- Gastrointestinal system medications -- Immune system medications -- Integumentary system medications -- Neurological and musculoskeletal system medications -- Psychiatric medications -- Renal system medications -- Reproductive system medications -- Respiratory system medications -- Visual and auditory medications -- Herbal agents. | |
| 650 | 7 |
_aPharmaceutical Preparations _vExamination Questions. _2BUEsh |
|
| 650 | 7 |
_aPharmaceutical Preparations _vNurses' Instruction. _2BUEsh |
|
| 650 | 7 |
_aPharmaceutical Preparations _vOutlines. _2BUEsh |
|
| 653 |
_bPPhrm _cNovember2022 |
||
| 655 |
_vReading book _934232 |
||
| 700 | 1 |
_aHogan, Mary Ann, _cMSN, _eeditor. |
|
| 906 |
_a7 _bcbc _corignew _d1 _eecip _f20 _gy-gencatlg |
||
| 942 |
_2ddc _cBB |
||
| 999 |
_c29948 _d29919 |
||